00481nam a2200133Ia 4500008004100000020001800041050002400059100002400083245009300107260005700200300002900257500005400286521000700340140609s9999 xx 000 0 und d a9789715065474 aPL 5534b.C263 2009 aCasanova, Arthur P. aKasaysayan at pag-unlad ng dulaang pantinedyer sa Pilipinas /cArthur P. Casanova aManila, Philippines :bUST Publishing House,cc2009. a579 p. :bill. ;c26 cm. aIncludes bibliographical references and appendix. aGE